|
|
|
|
| LEADER |
00000naa2a2200000 4500 |
| 001 |
461161 |
| 005 |
20231101085451.0 |
| 035 |
|
|
|a (RuTPU)RU\TPU\prd\125148
|
| 035 |
|
|
|a RU\TPU\tpu\12802
|
| 090 |
|
|
|a 461161
|
| 100 |
|
|
|a 20111117a1988 k y0rusy50 ca
|
| 101 |
0 |
|
|a rus
|
| 102 |
|
|
|a RU
|
| 200 |
1 |
|
|a Исследование золовых отложений на паронагревателе котла БКЗ-320-410 при сжигании ирша-бородинского угля
|f А. С. Заворин, Е. П. Теплухин, О. И. Будилов
|
| 461 |
|
1 |
|0 (RuTPU)RU\TPU\prd\446
|t Электрические станции
|
| 463 |
|
1 |
|0 (RuTPU)RU\TPU\prd\125146
|t № 9
|v С. 17-19
|d 1988
|
| 610 |
1 |
|
|a паронагреватели
|
| 610 |
1 |
|
|a котлы
|
| 610 |
1 |
|
|a золовые отложения
|
| 610 |
1 |
|
|a исследование
|
| 610 |
1 |
|
|a сжигание
|
| 610 |
1 |
|
|a уголь
|
| 610 |
1 |
|
|a труды учёных ТПУ
|
| 700 |
|
1 |
|a Заворин
|b А. С.
|c специалист в области теплотехники
|c профессор Томского политехнического университета, доктор технических наук
|f 1946-
|g Александр Сергеевич
|2 stltpush
|3 (RuTPU)RU\TPU\pers\25896
|
| 701 |
|
1 |
|a Теплухин
|b Е. П.
|
| 701 |
|
1 |
|a Будилов
|b О. И.
|
| 801 |
|
1 |
|a RU
|b 63413507
|c 20060323
|g PSBO
|
| 801 |
|
2 |
|a RU
|b 63413507
|c 20150416
|g RCR
|
| 942 |
|
|
|c BK
|